Multiple Choice City Quiz - Besançon - Statistics

General Stats
  • This quiz has been taken 86 times
  • The average score is 4 of 10
Answer Stats
Question Answer % Correct
Of which historical and cultural region is Besançon the capital city? Franche-Comté
66%
Which famous french writer was born in Besançon? Victor Hugo
53%
When did Besançon become french? 1674
50%
What's Besançon's main monument? A citadel
50%
The historic center of Besançon is made up of a distinctive stone, the Chailluz stone, earning the city one of its nicknames: which one is it?
49%
Which river flows through Besançon? Doubs
46%
Like Rome, Besançon... Is surrounded by seven hills
43%
Which industry made the city prosperous in the 18th century? Horology
35%
The city is home to France's oldest... Museum
26%
Besançon was founded as Vesontio by the... Sequani (Gauls)
24%
No matching quizzes found
Score Distribution
Percent of People with Each Score
Percentile by Number Answered
Your Score History
You have not taken this quiz